书目信息 |
| 题名: |
中国历史之谜
|
|
| 作者: | 张剑光 主编 | |
| 分册: | ||
| 出版信息: | 桃园 三泰出版社 1996 |
|
| 页数: | 570页 | |
| 开本: | 19cm | |
| 丛书名: | ||
| 单 册: | ||
| 中图分类: | K209 | |
| 科图分类: | 22.19 | |
| 主题词: | 历史-中国--通俗读物 | |
| 电子资源: | ||
| ISBN: | 7-5326-0401-2 | |
| 000 | 00651nam0 2200229 45 | |
| 001 | 1551521415 | |
| 005 | 20150206141956.50 | |
| 010 | @a7-5326-0401-2@dCNY19.80 | |
| 100 | @a19980226d1996 em y0chiy0121 ea | |
| 101 | 0 | @achi |
| 102 | @aCN@b710000 | |
| 105 | @af z 000yd | |
| 200 | 10 | @a中国历史之谜@Azhong guo li shi zhi mi@f张剑光主编@Fzhang jian guang zhu bian |
| 210 | @a桃园@c三泰出版社@d1996 | |
| 215 | @a570页@c插图@d19cm | |
| 606 | @a历史-中国@x通俗读物 | |
| 607 | @a中国-历史@x通俗读物 | |
| 690 | @aK209@v3 | |
| 692 | @a22.19@v2 | |
| 701 | 0 | @a张剑光@Azhang jian guang@4主编 |
| 801 | 0 | @aCN@bTSSF@c20150206 |
| 905 | @aZUCC@dK209@eJY80 | |
| 中国历史之谜/张剑光主编.-桃园:三泰出版社,1996 |
| 570页:插图;19cm |
| ISBN 7-5326-0401-2:CNY19.80 |
| ● |
| 相关链接 |
|
|
|
|
正题名:中国历史之谜
索取号:K209/JY80
 
预约/预借
| 序号 | 登录号 | 条形码 | 馆藏地/架位号 | 状态 | 备注 |
| 1 | 7843213 | 278432135 | 学院路分馆/ [索取号:K209/JY80] | 在馆 |